000 00403nam a2200169Ia 4500
001 39208
008 140423s9999 xx 000 0 und d
020 _a8178901714
040 _cPK-LaUMT
082 _a 155.9042
_bRAJ-S
100 _aRaj, Karan
245 _aStress management
_cRaj, Karan
260 _aDelhi,India:
_bIvy Publishing House,
_c2008
300 _a226 p.
546 _aEN
942 _cBK
999 _c38520
_d38520